00570nam a2200169Ia 4500003000900000008004100009040001600050080002300066245012800089260003900217300001400256650004100270650002500311650001900336650001200355700003300367IN-BaIIA211028s9999 xx 000 0 eng d cIIA Library a047.1:533.9bREV-3 0aReviews of plasma physicsbvol. 3, translated from Russian by Herbert Lashinskycedited by Mikhail Alexandrovich Leontovich aNew YorkbConsultants Bureauc1965 aix, 325p. aAstronomy and Astrophysics Thesaurus aMagnetohydrodynamics aPlasma physics aPlasmas aLeontovich, Acad. M. A., ed.